000
00277nam a22001337a 4500
008
181009b xxu||||| |||| 00| 0 eng d
020
_a
0805376135
041
_a
eng
080
_a
573
100
_a
11
101
_a
MIKB
245
_a
Microbiology
_c
Tortora
942
_2
udc
_c
BK
999
_c
49127
_d
49127